[Event "SVK-ch U14 Girls"]
[Site "Liptovsky Mikulas"]
[Date "2019.04.28"]
[Round "7"]
[White "Rachelova, Diana"]
[Black "Obrocnikova, Viktoria"]
[Result "0-1"]
[WhiteElo "1000"]
[BlackElo "1184"]
[PlyCount "56"]
[EventDate "2019.04.23"]
[EventType "swiss"]
[EventRounds "9"]
[EventCountry "SVK"]
[SourceTitle "CBM 190 Extra"]
[Source "ChessBase"]
[SourceDate "2019.07.15"]
[SourceVersion "1"]
[SourceVersionDate "2019.07.15"]
[SourceQuality "1"]

1. e4 e5 2. Nf3 Nc6 3. Nc3 Nf6 4. Bc4 Nxe4 5. Nxe4 d5 6. Bb5 dxe4 7. Ng1 Bd7 8. Ne2 a6 9. Ba4 Bc5 10. Nc3 b5 11. Bb3 Bf5 12. Nd5 0-0 13. c3 a5 14. Ne3 Bg6 15. Bc2 Qh4 16. g3 Qh3 17. Qe2 Rfb8 18. Rf1 a4 19. f3 exf3 20. Qd1 Bxe3 21. Bxg6 Bxd2+ 22. Bxd2 fxg6 23. Rxf3 Rf8 24. Bg5 h6 25. Rxf8+ Rxf8 26. Qd7 Qf1+ 27. Kd2 Rf2+ 28. Ke3 Qe2# 0-1

[Event "SVK-ch U14 Girls"]
[Site "Liptovsky Mikulas"]
[Date "2019.04.23"]
[Round "1"]
[White "Carnecka, Stella"]
[Black "Obrocnikova, Viktoria"]
[Result "1/2-1/2"]
[WhiteElo "1488"]
[BlackElo "1184"]
[PlyCount "68"]
[EventDate "2019.04.23"]
[EventType "swiss"]
[EventRounds "9"]
[EventCountry "SVK"]
[SourceTitle "CBM 190 Extra"]
[Source "ChessBase"]
[SourceDate "2019.07.15"]
[SourceVersion "1"]
[SourceVersionDate "2019.07.15"]
[SourceQuality "1"]

1. c4 c5 2. Nc3 Nc6 3. Nf3 Nf6 4. d4 d6 5. Bf4 Bf5 6. e3 e6 7. Be2 d5 8. a3 Qa5 9. 0-0 Be7 10. Nb5 Rc8 11. Bd6 a6 12. b4 Qd8 13. Bxe7 Qxe7 14. cxd5 Nxd5 15. Nd2 axb5 16. dxc5 Rd8 17. Qc1 Qg5 18. Kh1 Nf6 19. Bxb5 Qh4 20. f3 Nh5 21. Kg1 g5 22. e4 g4 23. exf5 g3 24. h3 Nf4 25. Re1 Rg8 26. Bf1 Nd4 27. fxe6 fxe6 28. Re4 Rg6 29. Nc4 Nxh3+ 30. gxh3 Nxf3+ 31. Kg2 Qxe4 32. Nd6+ Rxd6 33. cxd6 Nh4+ 34. Kg1 Nf3+ 1/2-1/2

[Event "SVK-ch U14 Girls"]
[Site "Liptovsky Mikulas"]
[Date "2018.04.21"]
[Round "1"]
[White "Zudorova, Miroslava"]
[Black "Obrocnikova, Viktoria"]
[Result "0-1"]
[WhiteElo "1457"]
[BlackElo "1101"]
[PlyCount "38"]
[EventDate "2018.04.21"]
[EventType "swiss"]
[EventRounds "9"]
[EventCountry "SVK"]
[SourceTitle "CBM 184 Extra"]
[Source "ChessBase"]
[SourceDate "2018.06.28"]
[SourceVersion "1"]
[SourceVersionDate "2018.06.28"]
[SourceQuality "1"]

1. e4 e5 2. Nf3 Nc6 3. Bb5 Bc5 4. d3 d6 5. Nc3 a6 6. Bxc6+ bxc6 7. Qe2 Nf6 8. Na4 Ba7 9. Bd2 Be6 10. Ng5 Qd7 11. 0-0 Bg4 12. Qe1 d5 13. b3 h6 14. Qc1 hxg5 15. Bxg5 Bf3 16. Bxf6 gxf6 17. gxf3 Qh3 18. Rd1 Qxh2+ 19. Kf1 Qxf2# 0-1

[Event "SVK-ch U12 Girls"]
[Site "Liptovsky Mikulas"]
[Date "2017.04.27"]
[Round "8"]
[White "Sevcikova, Lucia"]
[Black "Obrocnikova, Viktoria"]
[Result "1-0"]
[WhiteElo "1605"]
[BlackElo "1067"]
[PlyCount "105"]
[EventDate "2017.04.22"]
[EventType "swiss"]
[EventRounds "9"]
[EventCountry "SVK"]
[SourceTitle "CBM 178 Extra"]
[Source "ChessBase"]
[SourceDate "2017.06.22"]
[SourceVersion "1"]
[SourceVersionDate "2017.06.22"]
[SourceQuality "1"]

1. e4 e5 2. Nf3 Nc6 3. Bc4 d6 4. h3 Be7 5. Nc3 Nf6 6. d3 h6 7. Be3 Be6 8. Bb3 d5 9. exd5 Nxd5 10. Ba4 Nxe3 11. fxe3 0-0 12. Bxc6 bxc6 13. Qe2 Bb4 14. Nxe5 Qd6 15. Nf3 Qg3+ 16. Qf2 Qxf2+ 17. Kxf2 Bd6 18. Nd4 c5 19. Nxe6 fxe6+ 20. Ke2 Bg3 21. Raf1 Rab8 22. b3 Be5 23. Ne4 Bd6 24. a4 Rb4 25. Rf3 Rxf3 26. Kxf3 Rb8 27. Ke2 Kh7 28. Rf1 Be5 29. Nxc5 Rb4 30. Nxe6 c6 31. Rf7 a5 32. Ra7 Bc3 33. Ra6 c5 34. Nxc5 h5 35. Ne4 Be5 36. Rxa5 Bf6 37. Rxh5+ Kg8 38. Rb5 Rxb5 39. axb5 Be5 40. c4 Kf7 41. d4 Bb8 42. Kd3 Ke6 43. c5 Kd7 44. d5 Kc8 45. Kc4 Be5 46. d6 Kb7 47. Kd5 Bg3 48. Nxg3 Ka7 49. d7 g5 50. d8Q Kb7 51. c6+ Ka7 52. Qc7+ Ka8 53. Qb7# 1-0

[Event "SVK-ch U12 Girls"]
[Site "Liptovsky Mikulas"]
[Date "2017.04.23"]
[Round "3"]
[White "Obrocnikova, Viktoria"]
[Black "Urbanova, Tatiana"]
[Result "1-0"]
[WhiteElo "1067"]
[BlackElo "1161"]
[PlyCount "103"]
[EventDate "2017.04.22"]
[EventType "swiss"]
[EventRounds "9"]
[EventCountry "SVK"]
[SourceTitle "CBM 178 Extra"]
[Source "ChessBase"]
[SourceDate "2017.06.22"]
[SourceVersion "1"]
[SourceVersionDate "2017.06.22"]
[SourceQuality "1"]

1. e4 e5 2. Nf3 Nc6 3. Nc3 Nf6 4. Bb5 d6 5. h3 Be7 6. d4 0-0 7. d5 Nb4 8. a3 c6 9. axb4 cxb5 10. Be3 a6 11. Nxb5 Nxe4 12. Qd3 Nf6 13. Nd2 Bd7 14. Nc3 b5 15. 0-0 h6 16. Nde4 Nxe4 17. Qxe4 Bg5 18. Bxg5 Qxg5 19. Qf3 Rfc8 20. Ne4 Qg6 21. c3 Rc4 22. Rfe1 Bf5 23. Ng3 e4 24. Qxf5 Qxf5 25. Nxf5 Rc7 26. Nxd6 Rd7 27. Nxb5 Rb8 28. Nd4 Rxd5 29. Rxe4 a5 30. Nc6 Rb7 31. Nxa5 Ra7 32. Nb3 Rxa1+ 33. Nxa1 Rd1+ 34. Kh2 Rxa1 35. b5 Rb1 36. Rb4 Rd1 37. b6 Rd8 38. b7 Rb8 39. Kg3 Kf8 40. Kf4 Ke8 41. Ke5 Kd7 42. c4 Kc7 43. c5 Rxb7 44. Rxb7+ Kxb7 45. Kd6 Kc8 46. Ke7 f5 47. Kf7 g5 48. Kg6 f4 49. Kxh6 Kc7 50. Kxg5 Kc6 51. h4 Kxc5 52. h5 1-0

[Event "SVK-ch U12 Girls"]
[Site "Liptovsky Mikulas"]
[Date "2017.04.22"]
[Round "1"]
[White "Sosovickova, Jana"]
[Black "Obrocnikova, Viktoria"]
[Result "1-0"]
[WhiteElo "1309"]
[BlackElo "1067"]
[PlyCount "121"]
[EventDate "2017.04.22"]
[EventType "swiss"]
[EventRounds "9"]
[EventCountry "SVK"]
[SourceTitle "CBM 178 Extra"]
[Source "ChessBase"]
[SourceDate "2017.06.22"]
[SourceVersion "1"]
[SourceVersionDate "2017.06.22"]
[SourceQuality "1"]

1. e4 e5 2. Nf3 Nc6 3. Bc4 Bc5 4. d3 h6 5. c3 Nf6 6. h3 a6 7. 0-0 b5 8. Bb3 Bb6 9. Re1 0-0 10. d4 d6 11. Qd3 Re8 12. Nbd2 d5 13. exd5 Nxd5 14. dxe5 Nf4 15. Qe4 Ne6 16. Qxc6 Bd7 17. Qe4 Nc5 18. Qe2 Nxb3 19. Nxb3 a5 20. Nbd4 a4 21. Nxb5 Bxb5 22. Qxb5 Ra5 23. Qe2 f6 24. Qe4 Kh8 25. Bf4 Qd5 26. Qxd5 Rxd5 27. exf6 Rxe1+ 28. Rxe1 gxf6 29. Bxh6 Kh7 30. Bf4 Kg6 31. Be3 Ba5 32. Nd4 c5 33. Ne6 Re5 34. Nxc5 f5 35. Nd3 Re4 36. Bd2 Rxe1+ 37. Bxe1 f4 38. Nxf4+ Kf5 39. g3 Bc7 40. Bd2 Bd6 41. b3 axb3 42. axb3 Kf6 43. c4 Ke5 44. b4 Kd4 45. c5 Bc7 46. Ne6+ Kd3 47. Nxc7 Kxd2 48. b5 Kc3 49. b6 Kc4 50. b7 Kxc5 51. b8Q Kc6 52. Qe8+ Kxc7 53. Qe6 Kb7 54. Qd6 Ka7 55. Qc6 Kb8 56. Qd7 Ka8 57. f4 Kb8 58. f5 Ka8 59. f6 Kb8 60. f7 Ka8 61. f8Q# 1-0

[Event "SVK-ch U12 Girls"]
[Site "Liptovsky Mikulas"]
[Date "2016.04.22"]
[Round "8"]
[White "Fajtakova, Silvia"]
[Black "Obrocnikova, Viktoria"]
[Result "0-1"]
[WhiteElo "1166"]
[BlackElo "1188"]
[PlyCount "84"]
[EventDate "2016.04.16"]
[EventType "swiss"]
[EventRounds "9"]
[EventCountry "SVK"]
[SourceTitle "CBM 172 Extra"]
[Source "ChessBase"]
[SourceDate "2016.06.21"]
[SourceVersion "1"]
[SourceVersionDate "2016.06.21"]
[SourceQuality "1"]

1. e4 e5 2. Nf3 Nc6 3. Bb5 a6 4. Ba4 Bc5 5. d3 h6 6. 0-0 Nf6 7. Bxc6 bxc6 8. Nxe5 Qe7 9. Nf3 0-0 10. Re1 Ng4 11. d4 Qd6 12. dxc5 Qxc5 13. Be3 Nxe3 14. Rxe3 Qh5 15. Nbd2 d5 16. exd5 cxd5 17. Nf1 c6 18. Ng3 Qg6 19. Qe2 Bd7 20. Qd3 Qf6 21. b3 Qxa1+ 22. Re1 Qf6 23. Nd4 c5 24. Nf3 Rfe8 25. Nh5 Rxe1+ 26. Nxe1 Qa1 27. Qf1 Bb5 28. Nd3 Qxa2 29. h3 Qxc2 30. Qa1 d4 31. Ne1 Qe2 32. Nf3 g6 33. Nf6+ Kg7 34. Ng4 f6 35. Kh2 h5 36. Ng1 Qe6 37. Qd1 hxg4 38. hxg4 Bc6 39. Nh3 Qe5+ 40. Kg1 Qd5 41. Nf4 Qe4 42. g3 Qh1# 0-1